000 00483cam a2200157 4500500
005 20260329003425.0
041 _afre
042 _adc
100 1 0 _aRogé, Antoine
_eauthor
245 0 0 _aCrumble Belle Hélène à la Kant
260 _c2015.
500 _a6
690 _aCrumble
786 0 _nPhilosophie magazine | 92 | 9 | 2015-09-01 | p. 75-75 | 1951-1787
856 4 1 _uhttps://shs.cairn.info/magazine-philosophie-magazine-2015-9-page-75?lang=fr&redirect-ssocas=7080
999 _c1824493
_d1824493